| 000 | 00506nam a22001697a 4500 | ||
|---|---|---|---|
| 003 | NUST - PNEC | ||
| 005 | 20170116180759.0 | ||
| 008 | 150410b xxu||||| |||| 00| 0 eng d | ||
| 040 | _cLIBRARY | ||
| 082 | _a297.6 MUH | ||
| 100 |
_92331 _aMuhammad Ilyas Adil |
||
| 245 |
_aNahjul Balagha : Arabic and Urdu _cMuhammad Ilyas Adil |
||
| 260 |
_aLahore: _bMushtaq Books Cornor, |
||
| 300 |
_a792 p. : _c25 cm. |
||
| 650 |
_92334 _aSeerat un Nabvi and History of famour sahaba etc. _xGeneral |
||
| 942 |
_2ddc _cBK |
||
| 999 |
_c62865 _d62865 |
||